Shakespearean Couples Slot Machine Quiz Stats

 Plays Quiz Updated Aug 4, 2014

Support Sporcle.
Go Orange.
Score 0/90 Timer 14:00
0 Plays Today
One and ... the other % Correct
RomeoRom&Jul (RaJ)
95.9%
JulietRom&Jul (RaJ)
95.9%
Romeo & JulietRom&Jul (RaJ)
95.9%
HamletHam&Oph (H)
80.9%
OpheliaHam&Oph (H)
80.9%
HamletHam&Oph (H)
80.9%
OthelloOth&Des (O)
76.6%
DesdemonaOth&Des (O)
76.6%
OthelloOth&Des (O)
76.6%
TroilusTro&Cre (TaC)
75.2%
CressidaTro&Cre (TaC)
75.2%
Troilus and CressidaTro&Cre (TaC)
75.2%
Henry VIIIHen&Ann (HVIII)
59.5%
Anne BullenHen&Ann (HVIII)
59.5%
Henry VIIIHen&Ann (HVIII)
59.5%
Julius CaesarJul&Cal (JC)
56.8%
CalpurniaJul&Cal (JC)
56.8%
Julius CaesarJul&Cal (JC)
56.8%
BenedickBen&Bea (MAAN)
54.9%
BeatriceBen&Bea (MAAN)
54.9%
Much Ado About NothingBen&Bea (MAAN)
54.9%
LysanderLys&Her (MND)
51.9%
HermiaLys&Her (MND)
51.9%
Midsummer Night's DreamLys&Her (MND)
51.9%
IagoIag&Emi (O)
50.6%
EmiliaIag&Emi (O)
50.6%
OthelloIag&Emi (O)
50.6%
AlbanyAlb&Gon (KL)
46.8%
GonerilAlb&Gon (KL)
46.8%
King LearAlb&Gon (KL)
46.8%
One and ... the other % Correct
Cornwall Cor&Reg (KL)
46.1%
ReganCor&Reg (KL)
46.1%
King LearCor&Reg (KL)
46.1%
Mark AntonyMar&Oct (AaC)
45.4%
OctaviaMar&Oct (AaC)
45.4%
Antony and CleopatraMar&Oct (AaC)
45.4%
BrutusBru&Por (JC)
44.4%
PortiaBru&Por (JC)
44.4%
Julius CaesarBru&Por (JC)
44.4%
King Of FranceKoF&Cor (KL)
42.8%
CordeliaKoF&Cor (KL)
42.8%
King LearKoF&Cor (KL)
42.8%
VirgiliaCor&Vir (Co)
40.1%
CoriolanusCor&Vir (Co)
40.1%
CoriolanusCor&Vir (Co)
40.1%
FerdinandFer&Mir (tT)
39.2%
MirandaFer&Mir (tT)
39.2%
The TempestFer&Mir (tT)
39.2%
SebastianSeb&Oli (TN)
38.8%
OliviaSeb&Oli (TN)
38.8%
Twelfth NightSeb&Oli (TN)
38.8%
LucentioLuc&Bia (TotS)
38.1%
BiancaLuc&Bia (TotS)
38.1%
Taming of the ShrewLuc&Bia (TotS)
38.1%
PericlesPer&Tha (P)
36.8%
ThaisaPer&Tha (P)
36.8%
PericlesPer&Tha (P)
36.8%
ParisPar&Hel (TaC)
35.7%
HelenPar&Hel (TaC)
35.7%
Troilus and CressidaPar&Hel (TaC)
35.7%
One and ... the other % Correct
As You Like ItOrl&Ros (AYLI)
35%
RosalindOrl&Ros (AYLI)
35%
OrlandoOrl&Ros (AYLI)
34.9%
LorenzoLor&Jes (MoV)
28.6%
JessicaLor&Jes (MoV)
28.6%
Merchant of VeniceLor&Jes (MoV)
28.6%
LeontesLeo&Her (WT)
26.9%
HermioneLeo&Her (WT)
26.9%
Winter's TaleLeo&Her (WT)
26.9%
Antipholus of EphesusAnt&Adr (CoE)
23.3%
AdrianaAnt&Adr (CoE)
23.3%
Comedy of ErrorsAnt&Adr (CoE)
23.3%
ValentineVal&Sil (TGoV)
22.7%
SilviaVal&Sil (TGoV)
22.7%
Two Gentlemen of VeronaVal&Sil (TGoV)
22.7%
SilviusSil&Phe (AYLI)
22.7%
PhebeSil&Phe (AYLI)
22.7%
As You Like ItSil&Phe (AYLI)
22.7%
PosthumusPos&Imo (Cy)
21.1%
ImogenPos&Imo (Cy)
21.1%
CymbelinePos&Imo (Cy)
21.1%
ProteusPro&Jul (TGoV)
20.6%
JuliaPro&Jul (TGoV)
20.6%
Two Gentlemen of VeronaPro&Jul (TGoV)
20.6%
RosalineBer&Ros (LLL)
20.5%
Berowne Ber&Ros (LLL)
20.5%
Love's Labour's LostBer&Ros (LLL)
20.5%
BertramBer&Hel (AWTEW)
20.2%
HelenaBer&Hel (AWTEW)
20.2%
All's Well that Ends WellBer&Hel (AWTEW)
20.2%

You're not logged in!

Compare scores with friends on all Sporcle quizzes.
OR
Log In

From the Vault

Real or Fake? (Unusual Movie Titles)

by AngrySi

The film-making world is an...interesting place.
Remove Ads.
Support Sporcle.
Get the best of Sporcle when you Go Orange. This ad-free experience offers more features, more stats, and more fun while also helping to support Sporcle. Thank you for becoming a member.

Show Comments

Extras

Top Quizzes Today


Score Distribution

Your Account Isn't Verified!

In order to create a playlist on Sporcle, you need to verify the email address you used during registration. Go to your Sporcle Settings to finish the process.

Report this User

Report this user for behavior that violates our Community Guidelines.

Details: